000 00538nmm a2200181Ia 4500
008 251105s9999||||xx |||||||||||||||||und||
041 _aspa
100 _aQuintana Rivero
245 0 _aNunca es tarde para leer :
_b Mujeres otoño y lectura
264 _a[Madrid, España] :
_bEditorial Popular,
_c2008
300 _a164 páginas
490 _aPara mayores
650 _aTeen & Young Adult Fiction
700 _aQuintana Rivero
700 1 _a Pino María
856 _uhttps://public.digitaliapublishing.com/a/155373
942 _cCF
999 _c70270
_d70270